| 000 | 01280nam a2200325 i 4500 | ||
|---|---|---|---|
| 001 | 12164 | ||
| 003 | KOSZ 005 | ||
| 005 | 20200407082143.0 | ||
| 008 | 070620s1970 pl a f f 001 0 pol | ||
| 015 | _aPB 1970/3133 | ||
| 040 |
_aWA N _cKOSZ 005/RW _dKOSZ 005/RW |
||
| 080 | _a69 | ||
| 080 | _a624.01/.07 | ||
| 080 | _a(075.8) | ||
| 100 | 1 |
_aŻenczykowski, Wacław _d(1897-1957) _eAutor |
|
| 245 | 1 | 0 |
_aBudownictwo ogólne. _nT. 4, _pFizyka budowli : izolacje, roboty wykończeniowe, konstrukcje pneumatyczne / _cWacław Żenczykowski ; pod kier. W. Michniewicza ; oprac. Władysław Bacciarelli [et al.]. |
| 246 | 3 | 0 |
_aFizyka budowli : _bizolacje, roboty wykończeniowe, konstrukcje pneumatyczne. |
| 250 | _aWyd. 6 (3 druk.). | ||
| 260 |
_aWarszawa : _b"Arkady", _c1970. |
||
| 300 |
_a800 s., [2] k. tabl. : _bil. ; _c25 cm. |
||
| 380 | _aKsiążki | ||
| 504 | _aBibliogr. przy rozdz. Indeks. | ||
| 655 | 4 | _aPodręczniki akademickie | |
| 650 | 4 | _aBudownictwo | |
| 710 | 2 |
_aWydawnictwo "Arkady". _4pbl. |
|
| 700 | 1 |
_aMichniewicz, Wincenty _eRedakcja |
|
| 700 | 1 |
_aBacciarelli, Władysław _eOpracowanie |
|
| 856 |
_uhttp://koha.tu.koszalin.pl/cgi-bin/koha/opac-detail.pl?biblionumber=12164 _yKatalog online BPK |
||
| 942 |
_2UKD _cKS |
||
| 999 |
_c12164 _d12164 |
||